Southville International School and Colleges
Your cart is empty.
  • Cart
  • Lists
    Public lists Eva Luna New books Lux_list list_1
    Your lists Log in to create your own lists
  • Log in to your account
  • Your cookies
  • Search history
Southville International School and Colleges
  • Advanced search
  • Recent comments
  • Most popular
  • Libraries

Log in to your account

Log in with GOOGLE


If you do not have an external account, but do have a local account, you can still log in:

  1. Home
  2. MARC view: Jeepney: from military vehicle to public transportation
Normal view MARC view ISBD view

Jeepney: from military vehicle to public transportation (Record no. 290430)

[ view plain ]
MARC details
000 -LEADER
fixed length control field 00773nam a22002057a 4500
003 - CONTROL NUMBER IDENTIFIER
control field 0
005 - DATE AND TIME OF LATEST TRANSACTION
control field 20250116072031.0
008 - FIXED-LENGTH DATA ELEMENTS--GENERAL INFORMATION
fixed length control field 160118b xxu||||| |||| 00| 0 eng d
050 ## - LIBRARY OF CONGRESS CALL NUMBER
Classification number PHS TL 233
Item number .M553 2015
100 ## - MAIN ENTRY--PERSONAL NAME
Personal name Mercado, Christian Dale B.
245 ## - TITLE STATEMENT
Title Jeepney: from military vehicle to public transportation
Statement of responsibility, etc Christian Dale B. Mercado
260 ## - PUBLICATION, DISTRIBUTION, ETC. (IMPRINT)
Place of publication, distribution, etc Las Piñas, Philippines :
Name of publisher, distributor, etc Southville International School and Colleges,
Date of publication, distribution, etc 2015.
300 ## - PHYSICAL DESCRIPTION
Extent iii, 38 p. ;
Dimensions 28 cm.
504 ## - BIBLIOGRAPHY, ETC. NOTE
Bibliography, etc Includes bibliographical references.
650 ## - SUBJECT ADDED ENTRY--TOPICAL TERM
Topical term or geographic name as entry element Jeepneys
Form subdivision History.
650 ## - SUBJECT ADDED ENTRY--TOPICAL TERM
Topical term or geographic name as entry element Public transportation
Form subdivision Social aspects
Geographic subdivision Philippines.
650 ## - SUBJECT ADDED ENTRY--TOPICAL TERM
Topical term or geographic name as entry element Military vehicles
Form subdivision Conversion to civilian use.
651 ## - SUBJECT ADDED ENTRY--GEOGRAPHIC NAME
Geographic name Philippines
Form subdivision Public transportation
General subdivision History.
942 ## - ADDED ENTRY ELEMENTS (KOHA)
Source of classification or shelving scheme Library of Congress Classification
Koha item type PASS
Holdings
Withdrawn status Lost status Source of classification or shelving scheme Damaged status Home library Current library Shelving location Date acquired Source of acquisition Total Checkouts Full call number Barcode Date last seen Price effective from Koha item type
    Library of Congress Classification   Luxembourg Library Luxembourg Library Portfolio Assessment of SISC Students Section 01/18/2016 Donation   PHS TL 233 .M553 2015 P3517 11/27/2019 01/18/2016 Books

Jeepney: from military vehicle to public transportation

APA

Mercado C. D. B., . (2015). Jeepney: from military vehicle to public transportation. Las Piñas, Philippines: Southville International School and Colleges.

Chicago

Mercado Christian Dale B, . 2015. Jeepney: from military vehicle to public transportation. Las Piñas, Philippines: Southville International School and Colleges.

Harvard

Mercado C. D. B., . (2015). Jeepney: from military vehicle to public transportation. Las Piñas, Philippines: Southville International School and Colleges.

MLA

Mercado Christian Dale B, . Jeepney: from military vehicle to public transportation. Las Piñas, Philippines: Southville International School and Colleges. 2015.

  • Place hold
  • Print
  • Cite
  • Add to your cart (remove)
  • Save record
    BIBTEX Dublin Core MARCXML MARC (non-Unicode/MARC-8) MARC (Unicode/UTF-8) MARC (Unicode/UTF-8, Standard) MODS (XML) RIS
  • More searches
    Search for this title in:
    Other Libraries (WorldCat) Other Databases (Google Scholar) Online Stores (Bookfinder.com) Open Library (openlibrary.org)

Exporting to Dublin Core...

SOUTHVILLE LIBRARY

Southville International School and Colleges Library

1281 Tropical Ave. Cor. Luxembourg St., BF Homes International, Las Pinas City

Tel. No. 8256374 / 252358 Loc. 117/146

Powered by Koha